00542 2200193 4500001002100000005001500021035002000036245005100056100001200107250002000119300003200139856001800171260006500189082001000254084001600264020002200280650002000302650002600322INLIS00000000000006720250710120501 a0010-07250000671 aKemal dan jejak tradisi yang hilang /cMutiara0 aMutiara aCetakan pertama a24 hlm. :bIlus. ;c29,7 cm aTBM As suhada aRawamangun :bBadan pengembangan dan pembinaan bahasa,c2024 a741.5 a741.5 MUT k a978-623-307-213-7 4aKomik-indonesia 4aLiterasi-bahan bacaan